000 00315nam a22001337a 4500
008 170715b xxu||||| |||| 00| 0 eng d
020 _a2900495507368
041 _aeng
080 _22ND
_a572
100 _a24
101 _aANT
245 _aCLASSIC READINGS IN CULTURAL ANTHROPOLOGY
_cFERRARO,G
942 _2udc
_cBK
999 _c21096
_d21096